Word Ladder: NCT Songs Quiz Stats

 Plays Quiz Updated Jun 16, 2019

Score 0/23 Timer 02:00
39 Plays Today
Clue 4-letter word % Correct
🎶 Baby Don't ____ 🎶
OR Halt; quit
STOP
97.6%
🎶 My First & ____ 🎶
OR Bringing up the rear
LAST
92%
🎶 Simon ____ 🎶
OR Utters; verbalizes
SAYS
90.8%
🎶 Dunk ____ 🎶
OR Assassinated
SHOT
71.6%
🎶 Let's ____ Up and Dance (with Jason Derulo and LAY) 🎶
OR Confined; barred
SHUT
69.8%
Mall unitSHOP
62.1%
Winter wearCOAT
60.5%
In need of directionsLOST
60.2%
Casual talkCHAT
58.8%
Days gone byPAST
57.1%
Price; chargeCOST
57.1%
Butcher's cutCHOP
56.6%
Clue 4-letter word % Correct
12 inchesFOOT
56.4%
British fellowCHAP
55.9%
Means; methodsWAYS
51.6%
Nourishment; ediblesFOOD
50.8%
Fireplace residueSOOT
50.1%
Permit; ticketPASS
48.8%
Back talk; attitudeSASS
48.7%
Prison or hospital sectionWARD
47.9%
Sentence unitWORD
45.9%
Nixon's successorFORD
45.2%
Trojan and Korean, e.g.WARS
44.9%

Today's Daily Dose

Word Ladder
Lean on Me

Get the Picture
Superhero by Villain

You're not logged in!

Compare scores with friends on all Sporcle quizzes.
OR
Log In

Sporcle TV

Today on Sporcle TV


Watch our educational content, quiz creation guides, and fun videos on Sporcle TV.

Show Comments

Extras

Top Quizzes Today


Score Distribution

Your Account Isn't Verified!

In order to create a playlist on Sporcle, you need to verify the email address you used during registration. Go to your Sporcle Settings to finish the process.

Report this User

Report this user for behavior that violates our Community Guidelines.

Details: